Key to a good night in town (Record no. 70801)
[ view plain ]
| 000 -LEADER | |
|---|---|
| fixed length control field | 01558cam a2200265 4500 |
| 001 - CONTROL NUMBER | |
| control field | ABS65756 |
| 008 - FIXED-LENGTH DATA ELEMENTS--GENERAL INFORMATION | |
| fixed length control field | 020723n2002 000 0 eng u |
| 035 ## - SYSTEM CONTROL NUMBER | |
| System control number | (Sirsi) u119007 |
| 100 ## - MAIN ENTRY--PERSONAL NAME | |
| Personal name | Webster, B |
| 245 ## - TITLE STATEMENT | |
| Title | Key to a good night in town |
| 260 ## - PUBLICATION, DISTRIBUTION, ETC. | |
| Date of publication, distribution, etc. | 2002 |
| 490 ## - SERIES STATEMENT | |
| Series statement | Planning (for the Natural and Built Environment) |
| Volume/sequential designation | (1478) 5 July 2002, 14-15(2) |
| 520 ## - SUMMARY, ETC. | |
| Summary, etc. | Examines the challenge of the '24 hour city' and the resulting conflicts between town centre residents and the night-time economy of pubs, bars and clubs. While residents are complaining about late night noise, government is making it easier for new drinking establishments to open and have greater operating scope. Suggests that proposed changes to the Use Classes Order and legislation removing permitted hours will make the situation worse for residents. Considers how planners can avoid saturation of pubs, bars and clubs in town centres and push investment towards areas that would benefit from more eating and drinking venues. Briefly discusses the pros and cons of creating 'entertainment zones' and concludes that planners must liaise with other regulatory and management agencies to assess whether saturation point has been reached. |
| 590 ## - LOCAL NOTE (RLIN) | |
| Local note | ABS |
| 650 ## - SUBJECT ADDED ENTRY--TOPICAL TERM | |
| Topical term or geographic name entry element | TOWN CENTRES |
| 650 ## - SUBJECT ADDED ENTRY--TOPICAL TERM | |
| Topical term or geographic name entry element | PLANNERS |
| 650 ## - SUBJECT ADDED ENTRY--TOPICAL TERM | |
| Topical term or geographic name entry element | TOWN PLANNING |
| 650 ## - SUBJECT ADDED ENTRY--TOPICAL TERM | |
| Topical term or geographic name entry element | NOISE NUISANCE |
| 650 ## - SUBJECT ADDED ENTRY--TOPICAL TERM | |
| Topical term or geographic name entry element | LICENSED PREMISES |
| 650 ## - SUBJECT ADDED ENTRY--TOPICAL TERM | |
| Topical term or geographic name entry element | PUBLIC HOUSES |
| 650 ## - SUBJECT ADDED ENTRY--TOPICAL TERM | |
| Topical term or geographic name entry element | TOWN AND COUNTRY PLANNING (USE CLASSES) ORDERS |
| 650 ## - SUBJECT ADDED ENTRY--TOPICAL TERM | |
| Topical term or geographic name entry element | LEISURE USES |
| 690 ## - LOCAL SUBJECT ADDED ENTRY--TOPICAL TERM (OCLC, RLIN) | |
| Topical term or geographic name as entry element | LEISURE AND RECREATION |
| 942 ## - ADDED ENTRY ELEMENTS (KOHA) | |
| Suppress in OPAC | 0 |
| Withdrawn status | Lost status | Source of classification or shelving scheme | Damaged status | Not for loan | Home library | Current library | Shelving location | Date acquired | Total Checkouts | Full call number | Barcode | Date last seen | Copy number | Price effective from | Koha item type |
|---|---|---|---|---|---|---|---|---|---|---|---|---|---|---|---|
| Dewey Decimal Classification | London | London | Journal article | 23/07/2002 | ABS65756 | 119007-1001 | 06/08/2019 | 1 | 06/08/2019 | Journal article |